000 00347 a2200145 4500
001 162431
020 _a
040 _cMagnum
100 _aSecretaria de Estado da Educacao de M.g.
240 1 0 _aOrientacoes sobre tecnicas de estudo
_lpor
245 1 0 _aOrientacoes sobre tecnicas de estudo
362 0 _a1899
697 _aGERAL
942 _cBK
999 _c162431
_d162431